00303nam a2200097Ia 4500008004100000245007700041245001700118260000900135650001300144856004800157171211s9999 xx 000 0 und d 4aThe Rational Believer: Choices and Decisions in the Madrasas of Pakistan cMasooda Bano c2012 xRELIGION uhttp://down.ebook777.com/063/0801450446.pdf